Томск: путеводитель

التفاصيل البيبلوغرافية
مؤلفون آخرون: Малахов А. Артем, Андрющенко П. Павел, Костылев В. Виталий
الملخص:По улицам Томска, как по линиям на ладони, можно рассказывать прошлое, настоящее и даже заглядывать в будущее. Прямые и извилистые, широкие и узенькие, они хранят вековые традиции, открывают тайны ушедших лет, отражают упорное стремление к новому. Чтобы понять душу любого города, нужно совершить по нему пешую прогулку. Удивительный и неповторимый город всегда ждёт Вас, чтобы вновь и вновь поразить своей красотой и величием.
اللغة:الروسية
منشور في: Томск, ПолиграфСервис, 2008
الموضوعات:
التنسيق: MixedMaterials كتاب
KOHA link:https://koha.lib.tpu.ru/cgi-bin/koha/opac-detail.pl?biblionumber=303746

MARC

LEADER 00000nam0a2200000 4500
001 303746
005 20231102001632.0
035 |a (RuTPU)RU\TPU\book\328973 
035 |a RU\TPU\book\317291 
090 |a 303746 
100 |a 20150904d2008 km y0rusy50 ca 
101 0 |a rus 
102 |a RU 
105 |a a g 000zy 
200 1 |a Томск  |e путеводитель  |f фот. А. Малахов, П. Андрющенко, В. Костылев 
210 |a Томск  |c ПолиграфСервис  |d 2008 
215 |a 239 с.  |c ил. 
330 |a По улицам Томска, как по линиям на ладони, можно рассказывать прошлое, настоящее и даже заглядывать в будущее. Прямые и извилистые, широкие и узенькие, они хранят вековые традиции, открывают тайны ушедших лет, отражают упорное стремление к новому. Чтобы понять душу любого города, нужно совершить по нему пешую прогулку. Удивительный и неповторимый город всегда ждёт Вас, чтобы вновь и вновь поразить своей красотой и величием. 
606 1 |a Путеводители  |2 stltpush  |3 (RuTPU)RU\TPU\subj\53225  |9 71545 
606 1 |a Западная Сибирь  |x География  |2 stltpush  |3 (RuTPU)RU\TPU\subj\71066  |9 85129 
606 1 |a Томск, г.  |x История  |2 stltpush  |3 (RuTPU)RU\TPU\subj\67226  |9 83109 
610 1 |a Томск 
610 1 |a исторические места 
610 1 |a исторические памятники 
610 1 |a деревянная архитектура 
610 1 |a гостиницы 
610 1 |a рестораны 
610 1 |a справочники 
610 1 |a путеводители 
675 |a 91(571.1)  |v 3 
686 |a Я23  |v LBC/SL-A  |2 rubbk 
686 |a Т3(253.3-4Том)  |v LBC/SL-A  |2 rubbk 
702 1 |a Малахов  |b А.  |g Артем  |4 600 
702 1 |a Андрющенко  |b П.  |g Павел  |4 600 
702 1 |a Костылев  |b В.  |g Виталий  |4 600 
801 1 |a RU  |b 63413507  |c 20150424 
801 2 |a RU  |b 63413507  |c 20150910  |g RCR 
942 |c BK